Zhodnotenie činnosti vybraného družstva v SR diplomová práca

Uložené v:
Podrobná bibliografia
Hlavný autor: Benková, Michaela
Korporativný autor: Fakulta podnikového manažmentu EU. Katedra podnikovohospodárska
Ďalší autori: Kovalev, Andrej
Médium: Kniha
Jazyk:Slovak
Vydavateľské údaje: Bratislava 2018
Tagy: Pridať tag
Žiadne tagy, Buďte prvý, kto otaguje tento záznam!

MARC

LEADER 00000nbm a2200000 4500
001 0244750
005 20181004110846.4
041 0 |a slo 
044 |a SK 
245 1 0 |a Zhodnotenie činnosti vybraného družstva v SR  |b diplomová práca  |c Michaela Benková ; školiteľ: Andrej Kovalev 
264 1 |a Bratislava  |c 2018 
300 |a 66 s. 
100 1 |a Benková, Michaela 
700 1 |a Kovalev, Andrej 
710 2 |a Fakulta podnikového manažmentu EU. Katedra podnikovohospodárska